| 000 | 01401nam a2200385Ia 4500 | ||
|---|---|---|---|
| 005 | 20220317001748.0 | ||
| 007 | ta | ||
| 008 | 210811r20162020ck a b 000 jdspa | ||
| 020 | _a9789589002513 | ||
| 040 |
_aCO-BoRNBP _bspa _erda _cCO-BoRNBP |
||
| 041 | 0 | _aspa | |
| 084 | _aC MON6 | ||
| 084 | _aN MON6 | ||
| 100 | 1 |
_aMontaña Ibáñez, Francisco Antonio _d1966- _eautor |
|
| 245 | 1 | 0 |
_aCuentos de Susana _ctexto Francisco Montaña Ibañez ; ilustraciones de Juan Manuel Ramírez |
| 250 |
_aPrimera edición _bTercera reimpresión |
||
| 264 | 1 |
_aBogotá _bLoqueleo _c2016 _c2020 |
|
| 300 |
_a116, [1] páginas _bilustraciones _c20 cm. |
||
| 336 |
_atexto _btxt _2rdacontent |
||
| 337 |
_asin mediación _bn _2rdamedia |
||
| 338 |
_avolumen _bnc _2rdacarrier |
||
| 490 | _aNarrativa 10+ | ||
| 521 | _aRecomendado para un público infantil mayor de 9 años | ||
| 545 | _aIncluye datos biográficos del autor al final del texto | ||
| 650 | 1 | 4 |
_aCuentos infantiles colombianos _ySiglo XX _2LEMB |
| 650 | 1 | 4 |
_aLiteratura infantil colombiana _ySiglo XX _2LEMB |
| 650 | 1 | 4 |
_aConflictos _vCuentos _2LEMB |
| 650 | 1 | 4 |
_aCiudades y pueblos _vCuentos _2LEMB |
| 650 | 1 | 4 |
_aImaginación _vCuentos _2LEMB |
| 650 | 1 | 4 |
_aAmistad _vCuentos _2LEMB |
| 650 | 1 | 4 |
_aUrbanismo _vCuentos _2LEMB |
| 650 | 1 | 4 |
_aHistorias de aventuras _vCuentos _2LEMB |
| 700 | 1 |
_aRamírez, Juan Manuel _eilustrador _9180431 |
|
| 942 |
_2loc _cBKLIT |
||
| 999 |
_c8004 _d8004 |
||